LEADER 00845cam a22002294a 4500 001 991004322638207536 005 20240517111240.0 008 240517s2002 it oa e b 001 0 ita 040 $aBibl. Interfacoltà T. Pellegrino$bita 041 $aita 082 0 $a481.1 100 1 $aStrazzullo, Franco$07212 245 10$aP. Antonio Piaggio e lo svolgimento dei papiri ercolanesi /$cFranco Strazzullo 260 $aNapoli :$bAccademia di archeologia lettere e belle arti,$c2002 300 $aXII, 68 p. :$bill. ;$c24 cm. 600 10$aPiaggio, Antonio 650 4$aPapiri ercolanesi$xRestauro$xSec. 18. 651 0$aErcolano 830 0$aMemorie dell'Accademia di archeologia, lettere e belle arti di Napoli ;$v14 912 $a991004322638207536 996 $aP. Antonio Piaggio e lo svolgimento dei papiri ercolanesi$91409766 997 $aUNISALENTO